<?xml version="1.0" encoding="UTF-8"?>
<marc:record xmlns:marc="http://www.loc.gov/MARC21/slim">
   <marc:leader>00000nam a2200000 a 4500</marc:leader>
   <marc:datafield ind1="1" ind2=" " tag="100">
      <marc:subfield code="a">Sapkowski, Andrzej</marc:subfield>
      <marc:subfield code="4">aut</marc:subfield>
      <marc:subfield code="e">Verfasser/-in</marc:subfield>
   </marc:datafield>
   <marc:datafield ind1="0" ind2="0" tag="245">
      <marc:subfield code="a">Kreuzweg der Raben</marc:subfield>
   </marc:datafield>
   <marc:datafield ind1="0" ind2="0" tag="245">
      <marc:subfield code="b">Roman</marc:subfield>
   </marc:datafield>
   <marc:datafield ind1="0" ind2="0" tag="245">
      <marc:subfield code="c">Andrzej Sapkowski ; aus dem Polnischen von Erik Simon</marc:subfield>
   </marc:datafield>
   <marc:datafield ind1=" " ind2="1" tag="264">
      <marc:subfield code="a">München</marc:subfield>
      <marc:subfield code="b">dtv</marc:subfield>
      <marc:subfield code="c">2025</marc:subfield>
   </marc:datafield>
   <marc:datafield ind1="1" ind2=" " tag="490">
      <marc:subfield code="a">The Witcher</marc:subfield>
   </marc:datafield>
   <marc:datafield ind1="1" ind2=" " tag="520">
      <marc:subfield code="a">Die Saga geht weiter ... das Ende ist der Anfang
Der Großmeister der Fantasy kehrt zurück in die Jugendjahre von Geralt, der seine ersten Schritte als Hexer macht und sich zahlreichen tödlichen Herausforderungen stellen muss. Bewaffnet mit zwei Runenschwertern bekämpft er Monster, rettet unschuldige Jungfrauen und eilt unglücklich Verliebten zu Hilfe. Dabei versucht er immer und überall dem ungeschriebenen Kodex zu folgen, den ihm seine Lehrer und Mentoren mitgegeben haben. Doch bleiben ihm dabei keine Enttäuschungen erspart, und sein jugendlicher Idealismus muss bittere Erfahrungen hinnehmen. Doch Geralt gibt nicht auf … niemals!
</marc:subfield>
   </marc:datafield>
   <marc:datafield ind1=" " ind2=" " tag="020">
      <marc:subfield code="a">9783423285117</marc:subfield>
      <marc:subfield code="9">9783423285117</marc:subfield>
   </marc:datafield>
   <marc:datafield ind1=" " ind2=" " tag="041">
      <marc:subfield code="a">ger</marc:subfield>
   </marc:datafield>
   <marc:datafield ind1=" " ind2=" " tag="300">
      <marc:subfield code="a">349 Seiten</marc:subfield>
   </marc:datafield>
</marc:record>
